000 00415nam a2200145Ia 4500
008 220217s9999||||xx |||||||||||||| ||und||
020 _a81-7808-692-1
082 _a004.22 TAN
100 _aTanembaum, Andrew, S Goodman, James, R
_92368
245 0 _aStructured computer organization
250 _a4th
260 _aPearson education asia
_bDelhi
_c2002
300 _b225
650 _aCOMPUTER ARCHITECTURE
999 _c168894
_d168894